| 000 | 00323cam a22001217a 4500 | ||
|---|---|---|---|
| 008 | 180718b1874 xxu||||| |||| 00| 0 eng d | ||
| 082 | _aA6x38 C839 | ||
| 100 | _aCox, George W. | ||
| 245 |
_aA History of Greece _cby George W. Cox |
||
| 260 |
_aLondon _bLongmans _c1874 |
||
| 300 | _a2v. | ||
| 650 | _aGreece - History - Ancient | ||
| 999 |
_c363374 _d363374 |
||